[Event "Bundesliga 2324"]
[Site "Germany"]
[Date "2023.12.02"]
[Round "3.2"]
[White "Kindermann, Stefan"]
[Black "Abel, Dennes"]
[Result "0-1"]
[WhiteElo "2444"]
[BlackElo "2404"]
[PlyCount "126"]
[EventDate "2023.10.21"]
[EventType "team-tourn"]
[EventRounds "15"]
[EventCountry "GER"]
[SourceTitle "CB49_2023"]
[SourceDate "2023.12.06"]
[SourceVersion "1"]
[SourceVersionDate "2023.12.06"]
[SourceQuality "1"]
[WhiteTeam "Muenchen Zugzwang"]
[BlackTeam "Lister Turm"]
[WhiteTeamCountry "GER"]
[BlackTeamCountry "GER"]

1. d4 Nf6 2. Nf3 g6 3. g3 Bg7 4. Bg2 c5 5. dxc5 Qa5+ 6. Nfd2 Qxc5 7. Nb3 Qc7 8. Nc3 d6 9. 0-0 Nc6 10. Bg5 Qd8 11. e4 h6 12. Be3 Bg4 13. f3 Bd7 14. f4 Ng4 15. Bd2 h5 16. f5 Rc8 17. Qe2 Nce5 18. h3 Nf6 19. Rad1 b5 20. a3 0-0 21. Bc1 Qb6+ 22. Kh1 a5 23. Nd4 Rc4 24. Be3 Qb7 25. Nd5 Bc6 26. b3 Nxe4 27. Bxe4 Bxd5 28. Bxd5 Qxd5+ 29. Nf3 Qe4 30. bxc4 Nxc4 31. Rde1 Qxf5 32. Kh2 Nxa3 33. Nd4 Qd5 34. Rd1 Rc8 35. Rf2 h4 36. Qf3 Qxf3 37. Rxf3 e5 38. Nb3 Rxc2+ 39. Nd2 d5 40. Kh1 b4 41. Nb3 a4 42. Nc5 d4 43. Nxa4 dxe3 44. Rxe3 Nc4 45. Rb3 hxg3 46. Rxg3 Bh6 47. Nc5 Bf4 48. Rg2 Rc3 49. Rd8+ Kg7 50. Nd3 b3 51. Nxf4 exf4 52. Kh2 b2 53. Rb8 Rc1 54. Rgxb2 Nxb2 55. Rxb2 g5 56. Kg2 Kg6 57. Ra2 Rc3 58. Rb2 f6 59. Ra2 Rg3+ 60. Kh2 Rd3 61. Kg2 Kf5 62. Ra4 Rd2+ 63. Kg1 Ke5 0-1

[Event "GER-ch Blitz"]
[Site "Viernheim"]
[Date "2023.07.15"]
[Round "25"]
[White "Abel, Dennes"]
[Black "Cofman, Veaceslav"]
[Result "1-0"]
[WhiteElo "2404"]
[BlackElo "2244"]
[PlyCount "102"]
[EventDate "2023.07.15"]
[EventType "tourn (blitz)"]
[EventRounds "29"]
[EventCountry "GER"]
[SourceTitle "CBM 215 Extra"]
[Source "ChessBase"]
[SourceDate "2023.09.30"]
[SourceVersion "1"]
[SourceVersionDate "2023.09.30"]
[SourceQuality "1"]

1. Nf3 d5 2. e3 Nf6 3. c4 c6 4. Nc3 g6 5. d4 Bg7 6. Be2 0-0 7. 0-0 Bg4 8. h3 Bxf3 9. Bxf3 e6 10. Be2 Nbd7 11. b3 Re8 12. Bb2 dxc4 13. Bxc4 e5 14. dxe5 Nxe5 15. Be2 Qa5 16. Qc2 Rad8 17. Rfd1 Rxd1+ 18. Rxd1 Rd8 19. Rxd8+ Qxd8 20. Nb5 Ned7 21. Nd6 Qc7 22. Qd2 Bf8 23. Nc4 b5 24. Na5 Bg7 25. Bf3 c5 26. Nc6 c4 27. bxc4 bxc4 28. Qb4 Qb6 29. Bd4 Qxb4 30. Nxb4 a5 31. Nc6 a4 32. Na5 Ne8 33. Bxg7 Kxg7 34. Nxc4 Nc5 35. Kf1 Nf6 36. Ke2 Nfe4 37. Bxe4 Nxe4 38. a3 Kf6 39. f3 Nc5 40. e4 Ke6 41. Ke3 f5 42. exf5+ gxf5 43. Kd4 Nb3+ 44. Kc3 Nc5 45. Kb4 Nd3+ 46. Kxa4 Ne1 47. Kb5 Nxg2 48. a4 Ne1 49. a5 Nxf3 50. a6 Nd4+ 51. Kb6 Kd5 1-0

[Event "GER-ch Blitz"]
[Site "Viernheim"]
[Date "2023.07.15"]
[Round "21"]
[White "Abel, Dennes"]
[Black "Neyman, Igor"]
[Result "1/2-1/2"]
[WhiteElo "2404"]
[BlackElo "2316"]
[PlyCount "205"]
[EventDate "2023.07.15"]
[EventType "tourn (blitz)"]
[EventRounds "29"]
[EventCountry "GER"]
[SourceTitle "CBM 215 Extra"]
[Source "ChessBase"]
[SourceDate "2023.09.30"]
[SourceVersion "1"]
[SourceVersionDate "2023.09.30"]
[SourceQuality "1"]

1. Nf3 d5 2. e3 Nf6 3. c4 e6 4. Nc3 c5 5. cxd5 Nxd5 6. Qc2 Nc6 7. b3 Be7 8. Bb2 Bf6 9. Be2 b6 10. Nxd5 Qxd5 11. Bxf6 gxf6 12. Qb2 Ne5 13. Nxe5 Qxe5 14. Qxe5 fxe5 15. Bf3 Rb8 16. Rc1 Ba6 17. a3 0-0 18. Be2 Bxe2 19. Kxe2 Rfd8 20. Rc4 Rd7 21. b4 cxb4 22. axb4 Rbd8 23. Rc2 f5 24. Ra1 Kf7 25. Ra3 Kf6 26. f3 h5 27. Rca2 Rg7 28. g3 h4 29. Rxa7 Rdg8 30. Rxg7 Rxg7 31. Kf2 hxg3+ 32. hxg3 Rh7 33. Ra6 Rh2+ 34. Ke1 b5 35. Rb6 Rg2 36. g4 fxg4 37. fxg4 Rxg4 38. Rxb5 Rc4 39. Ke2 e4 40. Rb8 Rc2 41. Kd1 Rc4 42. Ke2 Rc2 43. Rd8 Ke5 44. Rd4 Rc1 45. Rd8 Rb1 46. Rb8 Kd5 47. b5 Kc5 48. Rc8+ Kd5 49. Rd8+ Kc5 50. Rd4 Rxb5 51. Rxe4 Kd5 52. Rh4 e5 53. Rh5 Rb2 54. Kd3 Rb3+ 55. Kc2 Rb5 56. Kc3 Ke4 57. Rh4+ Kd5 58. d3 Rc5+ 59. Kd2 Ra5 60. Rh8 Ra2+ 61. Kc3 Ra3+ 62. Kc2 Ra2+ 63. Kb3 Re2 64. e4+ Kd6 65. Rh6+ Kc5 66. Rh8 Kd6 67. Kc3 Re1 68. Rh6+ Kd7 69. Kc4 Rd1 70. Ra6 Rd2 71. Ra1 Kd6 72. Ra5 Rc2+ 73. Kb3 Rc1 74. Ra6+ Kd7 75. Ra2 Kd6 76. Rc2 Ra1 77. Kc3 Ra3+ 78. Kd2 Rb3 79. Ke3 Ra3 80. Rh2 Rb3 81. Rh6+ Kd7 82. Rf6 Ke7 83. Rc6 Kd7 84. Rc5 Kd6 85. Rd5+ Ke6 86. Ra5 Kd6 87. Kd2 Rb1 88. Kc2 Rh1 89. Ra6+ Kd7 90. Kc3 Rc1+ 91. Kb4 Ke7 92. Ra5 Kd6 93. Rd5+ Ke6 94. Rc5 Rd1 95. Rc6+ Kd7 96. Rc3 Kd6 97. Kc4 Ra1 98. Rc2 Rd1 99. Kc3 Ra1 100. Rb2 Rc1+ 101. Kd2 Ra1 102. Rb6+ Kd7 103. Rb5 1/2-1/2

[Event "GER-ch Blitz"]
[Site "Viernheim"]
[Date "2023.07.15"]
[Round "20"]
[White "Reichmann, Hendrik"]
[Black "Abel, Dennes"]
[Result "1/2-1/2"]
[WhiteElo "2316"]
[BlackElo "2404"]
[PlyCount "102"]
[EventDate "2023.07.15"]
[EventType "tourn (blitz)"]
[EventRounds "29"]
[EventCountry "GER"]
[SourceTitle "CBM 215 Extra"]
[Source "ChessBase"]
[SourceDate "2023.09.30"]
[SourceVersion "1"]
[SourceVersionDate "2023.09.30"]
[SourceQuality "1"]

1. d4 d5 2. Nc3 Nf6 3. Bf4 c5 4. e4 Nxe4 5. Nxe4 dxe4 6. dxc5 Qa5+ 7. c3 Qxc5 8. Qa4+ Nc6 9. Qxe4 g6 10. Nf3 Bg7 11. Qe3 Qxe3+ 12. Bxe3 b6 13. Bb5 Bb7 14. Bd4 0-0 15. Bxg7 Kxg7 16. 0-0 Rac8 17. Rad1 Rc7 18. Rfe1 e6 19. Bxc6 Bxc6 20. Nd4 Bd7 21. f4 Rfc8 22. Kf2 h6 23. Ke3 Ba4 24. Rd2 Rc5 25. Nf3 Bc6 26. Ne5 Bd5 27. g3 R8c7 28. a3 g5 29. h4 f6 30. Nd3 Rc4 31. hxg5 hxg5 32. fxg5 fxg5 33. Rf2 Re4+ 34. Kd2 Rxe1 35. Kxe1 Rc4 36. Nb4 Re4+ 37. Re2 Rg4 38. Nxd5 exd5 39. Re7+ Kf6 40. Rxa7 Rxg3 41. Rb7 Kf5 42. Rxb6 g4 43. a4 Rg1+ 44. Kf2 Ra1 45. Rb4 Rh1 46. a5 Ra1 47. Rb5 Ke4 48. Rb4+ Kf5 49. Rb5 Ke4 50. Rb4+ Kf5 51. Rb5 Ke5 1/2-1/2

[Event "GER-ch Blitz"]
[Site "Viernheim"]
[Date "2023.07.15"]
[Round "11"]
[White "Schulze, Marc Andre"]
[Black "Abel, Dennes"]
[Result "0-1"]
[WhiteElo "2170"]
[BlackElo "2404"]
[PlyCount "66"]
[EventDate "2023.07.15"]
[EventType "tourn (blitz)"]
[EventRounds "29"]
[EventCountry "GER"]
[SourceTitle "CBM 215 Extra"]
[Source "ChessBase"]
[SourceDate "2023.09.30"]
[SourceVersion "1"]
[SourceVersionDate "2023.09.30"]
[SourceQuality "1"]

1. d4 d5 2. c4 c6 3. Nf3 Nf6 4. g3 dxc4 5. Bg2 g6 6. 0-0 Bg7 7. a4 a5 8. Na3 0-0 9. Nxc4 Na6 10. Re1 Be6 11. b3 Bd5 12. Bd2 b6 13. Qc1 Re8 14. e3 Ne4 15. Nfe5 Rc8 16. Rd1 Nxd2 17. Qxd2 Bxg2 18. Kxg2 Qc7 19. Rac1 c5 20. Nf3 Red8 21. d5 Nb4 22. e4 Qb7 23. h4 e6 24. d6 Qxe4 25. Nxb6 Rb8 26. Nc4 Qa8 27. h5 Nc6 28. Qf4 Rxb3 29. h6 Bh8 30. d7 Nd4 31. Rxd4 Bxd4 32. Nd6 Rxd7 33. Kh2 Qxf3 0-1

[Event "GER-ch Blitz"]
[Site "Viernheim"]
[Date "2023.07.15"]
[Round "26"]
[White "Wyrwich, Thomas"]
[Black "Abel, Dennes"]
[Result "0-1"]
[WhiteElo "2252"]
[BlackElo "2404"]
[PlyCount "124"]
[EventDate "2023.07.15"]
[EventType "tourn (blitz)"]
[EventRounds "29"]
[EventCountry "GER"]
[SourceTitle "CBM 215 Extra"]
[Source "ChessBase"]
[SourceDate "2023.09.30"]
[SourceVersion "1"]
[SourceVersionDate "2023.09.30"]
[SourceQuality "1"]

1. Nf3 d5 2. g3 c6 3. Bg2 Bg4 4. 0-0 e6 5. d4 Nf6 6. Nbd2 h6 7. c3 Nbd7 8. Re1 Bf5 9. Qb3 Qb6 10. h3 Be7 11. Nh2 0-0 12. Nhf1 Qc7 13. c4 Bh7 14. e4 dxe4 15. Nxe4 Nxe4 16. Bxe4 Bxe4 17. Rxe4 Nf6 18. Re1 Rfd8 19. Be3 c5 20. Rad1 b6 21. dxc5 Bxc5 22. Rxd8+ Rxd8 23. Rd1 Rc8 24. Bxc5 Qxc5 25. Ne3 a6 26. Qd3 b5 27. b3 bxc4 28. Qxc4 Qxc4 29. Nxc4 Nd5 30. Rd2 Kf8 31. h4 g5 32. hxg5 hxg5 33. Kf1 Ke7 34. Ke2 f6 35. Ne3 Rc5 36. Nxd5+ exd5 37. Kd3 Kd6 38. Rd1 Rc8 39. a3 a5 40. Kd2 Ke5 41. Kd3 d4 42. Re1+ Kd5 43. Rb1 Rc3+ 44. Kd2 g4 45. Rb2 a4 46. bxa4 Rxa3 47. Rb6 f5 48. Rb4 Ke4 49. Rc4 Ra2+ 50. Ke1 Kd3 51. Rc1 Rxa4 52. Rb1 Ra2 53. Rb3+ Ke4 54. Rb8 Ra1+ 55. Ke2 d3+ 56. Kd2 Ra2+ 57. Ke1 Kf3 58. Rd8 Re2+ 59. Kd1 Rxf2 60. Rxd3+ Kg2 61. Ke1 Rf3 62. Rd5 Kxg3 0-1

[Event "EU-Cup 37th"]
[Site "Mayrhofen"]
[Date "2022.10.03"]
[Round "1.4"]
[White "Erigaisi, Arjun Kumar"]
[Black "Abel, Dennes"]
[Result "1-0"]
[WhiteElo "2728"]
[BlackElo "2416"]
[PlyCount "85"]
[EventDate "2022.10.03"]
[EventType "team-swiss"]
[EventRounds "7"]
[EventCountry "AUT"]
[SourceTitle "CBM 210 Extra"]
[Source "ChessBase"]
[SourceDate "2022.11.30"]
[SourceVersion "1"]
[SourceVersionDate "2022.11.30"]
[SourceQuality "1"]
[WhiteTeam "Ljubljana Tajfun"]
[BlackTeam "Berlin SF"]
[WhiteTeamCountry "SLO"]
[BlackTeamCountry "GER"]

1. e4 c6 2. d4 d5 3. e5 Bf5 4. h4 h6 5. g4 Be4 6. f3 Bh7 7. e6 Nf6 8. Bd3 Qd6 9. exf7+ Kxf7 10. Ne2 Nbd7 11. Nbc3 e5 12. dxe5 Nxe5 13. 0-0 Re8 14. Bxh7 Rxh7 15. Kg2 g6 16. Ng3 Kg8 17. Nce2 h5 18. g5 Nfd7 19. f4 Ng4 20. f5 Rhe7 21. Bf4 Nde5 22. f6 Rd7 23. c3 c5 24. Kg1 Qc6 25. Bxe5 Nxe5 26. Nf4 c4 27. Nge2 Bc5+ 28. Nd4 Qd6 29. Qd2 Bxd4+ 30. cxd4 Nd3 31. Nxd3 cxd3 32. Qxd3 Re4 33. Rf2 Kf7 34. Rc1 Qe6 35. Qf3 Rxh4 36. Re2 Rg4+ 37. Kf2 Qd6 38. Re5 Qb4 39. Re7+ Rxe7 40. fxe7+ Kxe7 41. Qf6+ Kd7 42. Qf7+ Kd8 43. Qc7+ 1-0

[Event "Maia op 6th"]
[Site "Maia"]
[Date "2022.09.01"]
[Round "9"]
[White "Abel, Dennes"]
[Black "Librelato, Kathie Goulart"]
[Result "1-0"]
[WhiteElo "2427"]
[BlackElo "2260"]
[PlyCount "81"]
[EventDate "2022.08.26"]
[EventType "swiss"]
[EventRounds "9"]
[EventCountry "POR"]
[SourceTitle "CBM 210 Extra"]
[Source "ChessBase"]
[SourceDate "2022.11.30"]
[SourceVersion "1"]
[SourceVersionDate "2022.11.30"]
[SourceQuality "1"]

1. d4 d5 2. c4 e6 3. g3 Nf6 4. Bg2 c6 5. Nf3 dxc4 6. 0-0 Nbd7 7. a4 Be7 8. Nbd2 0-0 9. Nxc4 Ne4 10. Qc2 Ndf6 11. a5 Nd6 12. Nce5 Nb5 13. Rd1 Nd5 14. e4 Nb4 15. Qb3 Bd7 16. Bd2 Na6 17. Be3 Be8 18. Nc4 f6 19. Na3 Nbc7 20. Rac1 Bf7 21. Qxb7 Nb4 22. d5 exd5 23. Bxa7 Nca6 24. Nd4 c5 25. Nf5 Re8 26. Bb6 Rb8 27. Bxd8 Rxb7 28. Bxe7 Rbxe7 29. Nxe7+ Rxe7 30. exd5 Rd7 31. d6 Bb3 32. Rd2 Ba4 33. Nc4 Bc6 34. Nb6 Rd8 35. d7 Bxg2 36. Kxg2 Kf7 37. Rd6 Kf8 38. Nd5 Nd3 39. Rc3 Nab4 40. Nxb4 Nxb4 41. Re3 1-0

[Event "Maia op 6th"]
[Site "Maia"]
[Date "2022.08.30"]
[Round "7"]
[White "Abel, Dennes"]
[Black "Christiansen, Johan Sebastian"]
[Result "0-1"]
[WhiteElo "2427"]
[BlackElo "2607"]
[PlyCount "80"]
[EventDate "2022.08.26"]
[EventType "swiss"]
[EventRounds "9"]
[EventCountry "POR"]
[SourceTitle "CBM 210 Extra"]
[Source "ChessBase"]
[SourceDate "2022.11.30"]
[SourceVersion "1"]
[SourceVersionDate "2022.11.30"]
[SourceQuality "1"]

1. d4 Nf6 2. c4 c5 3. d5 b5 4. cxb5 a6 5. bxa6 g6 6. Nc3 Bxa6 7. e4 Bxf1 8. Kxf1 d6 9. g3 Bg7 10. Kg2 0-0 11. Nf3 Nbd7 12. Qc2 Ra6 13. a4 Qa8 14. Ra3 Rc8 15. Rd1 Ne8 16. Bd2 Nc7 17. Be1 e6 18. dxe6 fxe6 19. Bd2 d5 20. exd5 exd5 21. Bf4 Bxc3 22. Rxc3 Ne6 23. Kg1 Rxa4 24. Bh6 d4 25. Rc4 Ra1 26. Rxa1 Qxa1+ 27. Qc1 Qa8 28. Qd1 Qd5 29. Qe2 Re8 30. Rc1 Nf6 31. Qd1 Ng4 32. Bf4 Rf8 33. h3 Nxf4 34. gxf4 Nf6 35. Nd2 Qf5 36. Qb3+ Kg7 37. Qf3 Nh5 38. Qg4 Nxf4 39. Qxf5 Rxf5 40. Kf1 Nd3 0-1

[Event "Maia op 6th"]
[Site "Maia"]
[Date "2022.08.28"]
[Round "4"]
[White "Abel, Dennes"]
[Black "Otero Nogueira, Brais"]
[Result "1-0"]
[WhiteElo "2427"]
[BlackElo "2076"]
[PlyCount "73"]
[EventDate "2022.08.26"]
[EventType "swiss"]
[EventRounds "9"]
[EventCountry "POR"]
[SourceTitle "CBM 210 Extra"]
[Source "ChessBase"]
[SourceDate "2022.11.30"]
[SourceVersion "1"]
[SourceVersionDate "2022.11.30"]
[SourceQuality "1"]

1. d4 c5 2. d5 g6 3. e4 d6 4. c4 Bg7 5. Bd3 Nf6 6. Nf3 Bg4 7. Nbd2 0-0 8. h3 Bxf3 9. Nxf3 Nbd7 10. 0-0 a6 11. Qe2 Ne8 12. Bf4 Nc7 13. Rab1 Ne5 14. Nxe5 Bxe5 15. Bh6 Bg7 16. Bxg7 Kxg7 17. b4 cxb4 18. Rxb4 a5 19. Rxb7 Na6 20. e5 Nc5 21. Rb5 Qc7 22. Rfb1 Rfc8 23. exd6 exd6 24. Qb2+ Kg8 25. Bf1 Re8 26. Qf6 Qe7 27. Qxe7 Rxe7 28. Rb6 Rd7 29. Be2 Kg7 30. Rc6 Kf8 31. g3 Rb7 32. Rb5 Rd7 33. Kf1 Ke7 34. Bf3 Raa7 35. Ke2 a4 36. Ke3 Rdb7 37. Rcxc5 1-0

[Event "GER-ch blitz"]
[Site "Magdeburg"]
[Date "2022.08.21"]
[Round "9"]
[White "Abel, Dennes"]
[Black "Dahl, Christoph"]
[Result "0-1"]
[WhiteElo "2476"]
[BlackElo "2355"]
[PlyCount "70"]
[EventDate "2022.08.21"]
[EventType "tourn (blitz)"]
[EventRounds "29"]
[EventCountry "GER"]
[EventCategory "5"]
[SourceTitle "CBM 210 Extra"]
[Source "ChessBase"]
[SourceDate "2022.11.30"]
[SourceVersion "1"]
[SourceVersionDate "2022.11.30"]
[SourceQuality "1"]

1. d4 Nf6 2. c4 g6 3. Nc3 Bg7 4. e4 d6 5. Be2 0-0 6. Be3 e5 7. Nf3 Na6 8. d5 Ng4 9. Bg5 f6 10. Bh4 h5 11. Nd2 c5 12. dxc6 bxc6 13. h3 Nh6 14. Nf1 Rb8 15. Qd2 Qe7 16. Ne3 Be6 17. g4 hxg4 18. hxg4 Nf7 19. Bg3 Nc5 20. f3 a5 21. Rc1 a4 22. Rc2 Rb7 23. Bf1 Rfb8 24. Kd1 Rb4 25. Qh2 Bh6 26. g5 Bxg5 27. Qh7+ Kf8 28. Ng4 Bxg4 29. fxg4 Rxb2 30. Qxg6 Rxc2 31. Kxc2 Qb7 32. Nb5 cxb5 33. Bd3 bxc4 34. Bxc4 Qb2+ 35. Kd1 Qd2# 0-1

[Event "GER-ch blitz"]
[Site "Magdeburg"]
[Date "2022.08.21"]
[Round "3"]
[White "Abel, Dennes"]
[Black "Dubansky, Marcel"]
[Result "0-1"]
[WhiteElo "2476"]
[BlackElo "2225"]
[PlyCount "76"]
[EventDate "2022.08.21"]
[EventType "tourn (blitz)"]
[EventRounds "29"]
[EventCountry "GER"]
[EventCategory "5"]
[SourceTitle "CBM 210 Extra"]
[Source "ChessBase"]
[SourceDate "2022.11.30"]
[SourceVersion "1"]
[SourceVersionDate "2022.11.30"]
[SourceQuality "1"]

1. d4 Nf6 2. c4 e6 3. Nc3 d5 4. cxd5 exd5 5. Bg5 Be7 6. e3 0-0 7. Qc2 h6 8. Bh4 Nbd7 9. Bd3 c5 10. Nge2 c4 11. Bf5 Nb6 12. 0-0 Ne8 13. Bg3 Nd6 14. Bxc8 Qxc8 15. a4 a5 16. Bxd6 Bxd6 17. Nb5 Qc6 18. b3 Rfc8 19. Rfc1 Bb4 20. g3 Qf6 21. Nf4 g5 22. Ne2 Qf3 23. Nec3 Rc6 24. bxc4 Rxc4 25. Qe2 Qf5 26. e4 dxe4 27. Qxe4 Qd7 28. Nd1 Re8 29. Qd3 Re1+ 30. Kg2 Qd5+ 31. Kh3 h5 32. Rxc4 Nxc4 33. Ne3 Qe6+ 34. Nf5 Rxa1 35. d5 Qd7 36. Nbd4 Nd6 37. g4 Nxf5 38. Nxf5 Ra3 0-1

[Event "GER-ch blitz"]
[Site "Magdeburg"]
[Date "2022.08.21"]
[Round "1"]
[White "Abel, Dennes"]
[Black "Gauglitz, Gernot"]
[Result "1-0"]
[WhiteElo "2476"]
[BlackElo "2371"]
[PlyCount "85"]
[EventDate "2022.08.21"]
[EventType "tourn (blitz)"]
[EventRounds "29"]
[EventCountry "GER"]
[EventCategory "5"]
[SourceTitle "CBM 210 Extra"]
[Source "ChessBase"]
[SourceDate "2022.11.30"]
[SourceVersion "1"]
[SourceVersionDate "2022.11.30"]
[SourceQuality "1"]

1. d4 Nf6 2. c4 g6 3. Nc3 d5 4. Bg5 Ne4 5. Bf4 Nxc3 6. bxc3 Bg7 7. e3 c6 8. Nf3 0-0 9. Be2 Be6 10. Qb3 Qb6 11. c5 Qxb3 12. axb3 Nd7 13. 0-0 f6 14. b4 a6 15. Nd2 Bf7 16. Bg4 e6 17. Bd6 Rfe8 18. Nb3 Bf8 19. Bg3 f5 20. Be2 e5 21. h3 f4 22. Bh2 Bh6 23. Bg4 Nf6 24. dxe5 Nxg4 25. hxg4 fxe3 26. f4 g5 27. f5 Bg7 28. f6 Bf8 29. Nd4 Be6 30. Nf5 Kf7 31. Rfe1 a5 32. Nxe3 d4 33. Nf5 dxc3 34. bxa5 Bxc5+ 35. Kh1 Rad8 36. Bg1 Bxg1 37. Kxg1 Rd2 38. Nd6+ Rxd6 39. exd6 c2 40. Rac1 Bb3 41. d7 Rxe1+ 42. Rxe1 Kxf6 43. d8Q+ 1-0

[Event "GER-ch blitz"]
[Site "Magdeburg"]
[Date "2022.08.21"]
[Round "10"]
[White "Kopylov, Daniel"]
[Black "Abel, Dennes"]
[Result "1/2-1/2"]
[WhiteElo "2355"]
[BlackElo "2476"]
[PlyCount "121"]
[EventDate "2022.08.21"]
[EventType "tourn (blitz)"]
[EventRounds "29"]
[EventCountry "GER"]
[EventCategory "5"]
[SourceTitle "CBM 210 Extra"]
[Source "ChessBase"]
[SourceDate "2022.11.30"]
[SourceVersion "1"]
[SourceVersionDate "2022.11.30"]
[SourceQuality "1"]

1. e4 c6 2. d4 d5 3. Nc3 dxe4 4. Nxe4 Nf6 5. Nxf6+ exf6 6. c3 Bd6 7. Bd3 0-0 8. Ne2 Re8 9. Qc2 h5 10. 0-0 h4 11. h3 Nd7 12. Be3 Nf8 13. Rad1 Bc7 14. c4 g5 15. Qc1 Ne6 16. c5 Ng7 17. Bc4 Be6 18. d5 cxd5 19. Nc3 Qe7 20. Nxd5 Bxd5 21. Rxd5 Rad8 22. Rfd1 Ne6 23. Qc3 Rxd5 24. Rxd5 Nf4 25. Rd1 Be5 26. Qc2 Kg7 27. Bb5 Rd8 28. Rxd8 Qxd8 29. c6 bxc6 30. Bxc6 a5 31. a3 Qd6 32. Bf3 Qb8 33. b3 Qd6 34. Bc5 Qc7 35. b4 axb4 36. axb4 Ne6 37. Qc4 Nd4 38. Bd5 Nf5 39. Be3 Qb8 40. b5 Nxe3 41. fxe3 Qa7 42. Kf2 Qa3 43. Qb3 Qc1 44. b6 Qd2+ 45. Kf3 Qe1 46. b7 f5 47. Bc4 Qg3+ 48. Ke2 Qxg2+ 49. Kd3 Qf1+ 50. Kd2 Qf2+ 51. Be2 Qh2 52. Qd5 g4 53. hxg4 fxg4 54. Qe4 g3 55. Qg4+ Kf8 56. Qc8+ Kg7 57. Qg4+ Kh6 58. Qh5+ Kg7 59. Qg5+ Kh7 60. Qh5+ Kg7 61. Qxe5+ 1/2-1/2

[Event "Bassano del Grappa Easter op-A 2nd"]
[Site "Bassano del Grappa"]
[Date "2022.04.18"]
[Round "8"]
[White "Lohvinov, Petro"]
[Black "Abel, Dennes"]
[Result "0-1"]
[WhiteElo "2238"]
[BlackElo "2446"]
[PlyCount "60"]
[EventDate "2022.04.14"]
[EventType "swiss"]
[EventRounds "9"]
[EventCountry "ITA"]
[SourceTitle "EXT 2024"]
[Source "ChessBase"]
[SourceDate "2023.10.10"]
[SourceVersion "1"]
[SourceVersionDate "2023.10.10"]
[SourceQuality "1"]

1. e4 c6 2. d4 d5 3. e5 Bf5 4. Nf3 e6 5. Be2 c5 6. Be3 Qb6 7. Nc3 Nc6 8. 0-0 Qxb2 9. Qe1 c4 10. Rb1 Qa3 11. Rxb7 Bb4 12. Bd2 Bxc3 13. Bxc3 Bxc2 14. Qd2 Bg6 15. Bxc4 dxc4 16. d5 0-0-0 17. dxc6 Rxd2 18. Bxd2 Qc5 19. Rd1 Nh6 20. Bg5 Qxc6 21. Rxa7 Nf5 22. Nd2 h6 23. Nxc4 hxg5 24. Na5 Qc5 25. Ra8+ Kc7 26. Rxh8 Qxa5 27. Rc1+ Kd7 28. Rd1+ Ke7 29. g4 Nh4 30. Rb8 Qxe5 0-1

[Event "Bassano del Grappa Easter op-A 2nd"]
[Site "Bassano del Grappa"]
[Date "2022.04.15"]
[Round "4"]
[White "Fischer, Daniel1111"]
[Black "Abel, Dennes"]
[Result "1-0"]
[WhiteElo "2317"]
[BlackElo "2446"]
[PlyCount "43"]
[EventDate "2022.04.14"]
[EventType "swiss"]
[EventRounds "9"]
[EventCountry "ITA"]
[SourceTitle "CBM 207 Extra"]
[Source "ChessBase"]
[SourceDate "2022.05.31"]
[SourceVersion "1"]
[SourceVersionDate "2022.05.31"]
[SourceQuality "1"]

1. e4 c6 2. d4 d5 3. e5 Bf5 4. Nf3 e6 5. Be2 c5 6. Be3 Qb6 7. Nc3 Nc6 8. 0-0 Qxb2 9. Qe1 c4 10. Rb1 Qa3 11. Rxb7 Qa6 12. Qb1 0-0-0 13. Rb5 h6 14. a4 g5 15. Qb2 f6 16. Rb1 Rh7 17. Nd2 Rc7 18. Nxc4 dxc4 19. Bxc4 Re8 20. Rb8+ Nxb8 21. Bxa6+ Nxa6 22. Qb5 1-0